| 000 | 00403nam a22001337a 4500 | ||
|---|---|---|---|
| 008 | 160622b xxu||||| |||| 00| 0 eng d | ||
| 020 | _a9788182964310 | ||
| 082 |
_21 _a823 |
||
| 100 |
_9621 _aSwift Jonathan |
||
| 245 |
_aGulliver's Travels _bUnabridged Edition |
||
| 260 |
_aNew Delhi _bArya Publishing Company _c2013 |
||
| 300 | _aRecommended for ClassIX as per the latest CBSE Syllabus | ||
| 942 |
_2ddc _cBK |
||
| 999 |
_c506 _d506 |
||